000 00787nam a22001935i 4500
001 183776
003 ES-MaACL
005 20230906221951.0
007 t|
008 141014s1877 sp ||||1| spa d
100 1 _aFerrer y Julve, Nicolás.
_950510
245 1 0 _aDiscurso pronunciado en la solemne apertura del curso académico de 1877 á 1878 en la Universidad Liiteraria de Valencia / por Nicolás Ferrer y Julve.
260 _aValencia :
_b[s.n.],
_c1877 (
_fimprenta de José Rius)
300 _a75 p. ;
_c25 cm.
500 _aTema: Algunas consideraciones sobre el origen y antigüedad del hombre, destinadas a contrariar la doctrina materialista.
650 4 _aCreacionismo.
_9147591
710 2 _aUniversidad Literaria de Valencia.
_97392
852 _aES-MaACL
_jT-386-F-4
999 _c183776
_d183776